[Event "Liberec Region-chT 2223"]
[Site "Czech Republic"]
[Date "2023.03.19"]
[Round "10.8"]
[White "Kovar, Jindrich"]
[Black "Konopka, Lukas"]
[Result "1/2-1/2"]
[WhiteElo "1614"]
[BlackElo "1885"]
[PlyCount "71"]
[EventDate "2022.10.09"]
[EventType "team-tourn"]
[EventRounds "11"]
[EventCountry "CZE"]
[SourceTitle "EXT 2024"]
[Source "ChessBase"]
[SourceDate "2023.10.10"]
[SourceVersion "1"]
[SourceVersionDate "2023.10.10"]
[SourceQuality "1"]

1. d4 Nf6 2. Nf3 g6 3. Bf4 Bg7 4. e3 d6 5. Bd3 Nbd7 6. Nbd2 0-0 7. e4 e5 8. dxe5 dxe5 9. Be3 Qe7 10. h3 Nc5 11. Bxc5 Qxc5 12. a3 Be6 13. Qe2 Rfd8 14. 0-0 Nh5 15. Qe3 Qe7 16. Bc4 Nf4 17. Bxe6 Qxe6 18. Kh2 Bh6 19. Qb3 Nxg2 20. Qxe6 fxe6 21. Nc4 Nf4 22. Ncxe5 Bg7 23. Rad1 Rd6 24. Nc4 Rc6 25. b3 Rf8 26. Nd4 Rc5 27. a4 Rh5 28. Nb5 Rxh3+ 29. Kg1 Ne2+ 30. Kg2 Rff3 31. Nxc7 Nf4+ 32. Kg1 Ne2+ 33. Kg2 Bd4 34. Rxd4 Nf4+ 35. Kg1 Ne2+ 36. Kg2 1/2-1/2

[Event "Liberec Region-chT 2223"]
[Site "Czech Republic"]
[Date "2023.02.12"]
[Round "8.8"]
[White "Kovar, Jindrich"]
[Black "Horak, Josef"]
[Result "1-0"]
[WhiteElo "1596"]
[BlackElo "2012"]
[PlyCount "79"]
[EventDate "2022.10.09"]
[EventType "team-tourn"]
[EventRounds "11"]
[EventCountry "CZE"]
[SourceTitle "EXT 2024"]
[Source "ChessBase"]
[SourceDate "2023.10.10"]
[SourceVersion "1"]
[SourceVersionDate "2023.10.10"]
[SourceQuality "1"]

1. d4 d5 2. Nf3 c6 3. Bf4 Qb6 4. b3 Bf5 5. e3 Nf6 6. Bd3 Bxd3 7. Qxd3 e6 8. 0-0 Be7 9. Nbd2 Nbd7 10. c3 0-0 11. e4 dxe4 12. Nxe4 Nxe4 13. Qxe4 Nf6 14. Qc2 Rac8 15. h3 Nd5 16. Be5 c5 17. dxc5 Bxc5 18. c4 Nb4 19. Qc3 f6 20. Bg3 e5 21. a3 Nc6 22. b4 Bd4 23. Nxd4 Nxd4 24. Rfe1 Qc6 25. Rac1 Rfd8 26. Qe3 Qa4 27. Qc3 Nb5 28. Qf3 Nd4 29. Qxb7 Qxa3 30. Kh2 Rb8 31. Qe7 Qxb4 32. c5 Qb7 33. Qxb7 Rxb7 34. f4 Nb3 35. Rc3 a5 36. c6 Rb6 37. fxe5 fxe5 38. Bxe5 Rc8 39. c7 a4 40. Rd1 1-0

[Event "Liberec Metalmex op"]
[Site "Liberec"]
[Date "2012.08.16"]
[Round "7"]
[White "Josko, Jiri"]
[Black "Kovar, Jindrich"]
[Result "0-1"]
[WhiteElo "1712"]
[BlackElo "1887"]
[PlyCount "150"]
[EventDate "2012.08.11"]
[EventType "swiss"]
[EventRounds "9"]
[EventCountry "CZE"]
[SourceTitle "EXT 2014"]
[Source "ChessBase"]
[SourceDate "2013.11.20"]
[SourceVersion "1"]
[SourceVersionDate "2013.11.20"]
[SourceQuality "1"]

1. e4 d6 2. d4 Nf6 3. Nc3 Nc6 4. Nf3 Bg4 5. Bb5 a6 6. Bxc6+ bxc6 7. h3 Bd7 8. Qe2 e6 9. Bf4 h6 10. Bg3 Be7 11. a3 Qb8 12. 0-0 Qxb2 13. Qd3 Qb8 14. Rfb1 Qd8 15. Rb3 0-0 16. Rab1 Bc8 17. e5 Nd7 18. Ne2 d5 19. Qd2 c5 20. Bf4 Kh7 21. h4 c4 22. Rc3 f6 23. Re1 g5 24. hxg5 fxg5 25. Bg3 Rg8 26. Nh2 Nf8 27. Ng4 Ng6 28. Bh2 Qf8 29. Rf3 Qg7 30. Ng3 Nh4 31. Nh5 Nxf3+ 32. gxf3 Qg6 33. Nhf6+ Bxf6 34. Nxf6+ Kg7 35. Kh1 Rf8 36. f4 Rxf6 37. exf6+ Kxf6 38. fxg5+ Qxg5 39. Be5+ Kf7 40. f4 Qh5+ 41. Kg2 Bd7 42. Re3 Rg8+ 43. Rg3 Rxg3+ 44. Kxg3 Qg6+ 45. Kh4 h5 46. Qe2 Qg4+ 47. Qxg4 hxg4 48. Kxg4 c3 49. Bxc7 Ba4 50. Ba5 Bxc2 51. Bxc3 Kg6 52. Bb2 Bd1+ 53. Kg3 Kf5 54. Bc3 Ke4 55. Ba1 Kd3 56. Kf2 Kc2 57. Ke3 Bg4 58. a4 Kb3 59. a5 Kb4 60. Kd3 Bf5+ 61. Kd2 Kxa5 62. Kc3 Ka4 63. Bb2 Be4 64. Bc1 Kb5 65. Ba3 a5 66. Kb3 a4+ 67. Kc3 Bf3 68. Bb2 Kc6 69. Ba3 Kd7 70. Kb4 Bd1 71. Kc5 Ke7 72. Kc6+ Kf6 73. Kd7 Kf5 74. Bd6 Bg4 75. Kc6 Ke4 0-1

[Event "Liberec Metalmex op"]
[Site "Liberec"]
[Date "2012.08.14"]
[Round "5"]
[White "Lasek, Frantisek"]
[Black "Kovar, Jindrich"]
[Result "1/2-1/2"]
[WhiteElo "1814"]
[BlackElo "1887"]
[PlyCount "37"]
[EventDate "2012.08.11"]
[EventType "swiss"]
[EventRounds "9"]
[EventCountry "CZE"]
[SourceTitle "EXT 2014"]
[Source "ChessBase"]
[SourceDate "2013.11.20"]
[SourceVersion "1"]
[SourceVersionDate "2013.11.20"]
[SourceQuality "1"]

1. f4 d5 2. Nf3 Nf6 3. b3 Bf5 4. Bb2 Nbd7 5. e3 e6 6. Be2 Bd6 7. h3 Bg6 8. 0-0 c6 9. d4 Qe7 10. Nbd2 b6 11. Ne5 Rc8 12. c4 0-0 13. Rc1 Ne4 14. Bf3 Nxd2 15. Qxd2 Nf6 16. Nxg6 hxg6 17. Rfe1 Qd7 18. c5 Be7 19. b4 1/2-1/2

[Event "Liberec Metalmex op"]
[Site "Liberec"]
[Date "2012.08.12"]
[Round "2"]
[White "Kovar, Jindrich"]
[Black "Gombala, Marek"]
[Result "1-0"]
[WhiteElo "1887"]
[BlackElo "1000"]
[PlyCount "97"]
[EventDate "2012.08.11"]
[EventType "swiss"]
[EventRounds "9"]
[EventCountry "CZE"]
[SourceTitle "EXT 2014"]
[Source "ChessBase"]
[SourceDate "2013.11.20"]
[SourceVersion "1"]
[SourceVersionDate "2013.11.20"]
[SourceQuality "1"]

1. d4 d5 2. Nf3 Nf6 3. Bg5 c6 4. e3 Bg4 5. Nbd2 Nbd7 6. Be2 h6 7. Bf4 e6 8. h3 Bh5 9. Ne5 Bxe2 10. Qxe2 Qb6 11. Nb3 a5 12. c3 a4 13. Nc1 c5 14. Nxd7 Nxd7 15. dxc5 Nxc5 16. 0-0 Be7 17. Be5 0-0 18. Bd4 Qc6 19. Nd3 Nxd3 20. Qxd3 f5 21. f4 b5 22. Rac1 Bd6 23. Rf3 Rf7 24. Rcf1 Qc4 25. Qb1 Kf8 26. g4 Qc6 27. Kf2 Bc5 28. Rg1 Rc8 29. a3 Bxd4 30. exd4 Re8 31. g5 hxg5 32. Rxg5 Rf6 33. Rfg3 Re7 34. Qd1 Rh6 35. Rh5 Qe8 36. Rxh6 gxh6 37. Qg1 Qf7 38. Rg6 Qh7 39. Rf6+ Ke8 40. Qf1 Qg7 41. Qxb5+ Kd8 42. Qb8+ Kd7 43. Rf8 Kc6 44. Qc8+ Kb6 45. Qc5+ Kb7 46. Qb5+ Kc7 47. Ra8 Qf6 48. Qb8+ Kc6 49. Ra6+ 1-0

[Event "Liberec Metalmex op"]
[Site "Liberec"]
[Date "2012.08.11"]
[Round "1"]
[White "Plischki, Sebastian"]
[Black "Kovar, Jindrich"]
[Result "1-0"]
[WhiteElo "2365"]
[BlackElo "1887"]
[PlyCount "47"]
[EventDate "2012.08.11"]
[EventType "swiss"]
[EventRounds "9"]
[EventCountry "CZE"]
[SourceTitle "EXT 2014"]
[Source "ChessBase"]
[SourceDate "2013.11.20"]
[SourceVersion "1"]
[SourceVersionDate "2013.11.20"]
[SourceQuality "1"]

1. c4 c6 2. e4 d5 3. exd5 cxd5 4. cxd5 Qxd5 5. Nc3 Qd8 6. d4 e6 7. Nf3 Nc6 8. Bc4 Nf6 9. 0-0 Bb4 10. Re1 0-0 11. a3 Ba5 12. Bg5 h6 13. Bh4 g5 14. Bg3 Bc7 15. Bxc7 Qxc7 16. Qd2 Nh7 17. Rad1 Ne7 18. Ba2 Bd7 19. d5 Nxd5 20. Bxd5 exd5 21. Nxd5 Qc5 22. b4 Qb5 23. Ne7+ Kg7 24. Qxd7 1-0

[Event "Liberec Metalmex op"]
[Site "Liberec"]
[Date "2011.08.15"]
[Round "3"]
[White "Karafiat, Vaclav"]
[Black "Kovar, Jindrich"]
[Result "0-1"]
[WhiteElo "1644"]
[BlackElo "1867"]
[PlyCount "110"]
[EventDate "2011.08.13"]
[EventType "swiss"]
[EventRounds "9"]
[EventCountry "CZE"]
[SourceTitle "CBM 143 Extra"]
[Source "ChessBase"]
[SourceDate "2011.08.29"]
[SourceVersion "1"]
[SourceVersionDate "2011.08.29"]
[SourceQuality "1"]

1. d4 d5 2. c4 dxc4 3. Nf3 Bg4 4. Ne5 Be6 5. e3 Nf6 6. Nc3 Bd5 7. Nxc4 e6 8. Ne5 Nbd7 9. Nxd5 exd5 10. Bd3 Bd6 11. f4 c6 12. 0-0 Nf8 13. Qc2 Rc8 14. Qb3 Qc7 15. Bd2 Ne4 16. Be1 f6 17. Bxe4 dxe4 18. Ng4 Qd7 19. Nf2 Qe7 20. Nh3 Qf7 21. Qd1 Nd7 22. a3 0-0 23. Rc1 Nb6 24. Bc3 c5 25. b4 cxb4 26. Bxb4 Bxb4 27. axb4 Rxc1 28. Qxc1 Qb3 29. Nf2 f5 30. Re1 Qxb4 31. g4 Rc8 32. Qa1 g6 33. Rb1 Qa4 34. Qb2 Rc2 35. Qa1 Ra2 36. Qc3 Qc2 37. Qxc2 Rxc2 38. Ra1 Nd5 39. Rxa7 Nxe3 40. Ra1 Rc4 41. gxf5 gxf5 42. Nd1 Nd5 43. Kf2 Rxd4 44. Ke2 Nxf4+ 45. Ke3 Ne6 46. Rb1 f4+ 47. Ke2 f3+ 48. Ke3 Rd3+ 49. Kxe4 Nc5+ 50. Kf4 Rd2 51. Kxf3 Rxh2 52. Ne3 Kf7 53. Rb6 Rh5 54. Nc4 Ke7 55. Na5 Nd7 0-1

[Event "Liberec Metalmex op"]
[Site "Liberec"]
[Date "2010.??.??"]
[Round "6"]
[White "Novotny, Viktor"]
[Black "Kovar, Jindrich"]
[Result "1-0"]
[WhiteElo "2075"]
[BlackElo "1909"]
[PlyCount "75"]
[EventDate "2010.08.14"]
[EventType "swiss"]
[EventRounds "9"]
[EventCountry "CZE"]
[SourceTitle "CBM 138 Extra"]
[Source "ChessBase"]
[SourceDate "2010.10.29"]
[SourceVersion "1"]
[SourceVersionDate "2010.10.29"]
[SourceQuality "1"]

1. e4 e5 2. Nc3 Nf6 3. f4 d6 4. Nf3 Bg4 5. h3 Bxf3 6. Qxf3 Be7 7. Bc4 exf4 8. d4 Nc6 9. Ne2 g5 10. h4 gxh4 11. Bxf4 Nb4 12. 0-0-0 d5 13. exd5 Nbxd5 14. Be5 Rg8 15. Rhf1 Rg6 16. Bxf6 Nxf6 17. Qxb7 Rb8 18. Qc6+ Kf8 19. Nf4 Rg7 20. Qf3 Rb6 21. c3 Qb8 22. Qe2 Qd8 23. Rde1 Bd6 24. Nd3 Bg3 25. Rd1 Nd5 26. Qh5 Nf6 27. Qf5 Qe8 28. Ne5 Bxe5 29. dxe5 Ng8 30. Rd7 Ne7 31. Qd3 Nc6 32. Rdxf7+ Rxf7 33. Rxf7+ Qxf7 34. Bxf7 Kxf7 35. Qf5+ Kg7 36. Qf6+ Kg8 37. e6 Na5 38. Qf7+ 1-0